| 000 | 02538nam a2200397 c 4500 | ||
|---|---|---|---|
| 003 | BLK | ||
| 005 | 20250415175031.0 | ||
| 008 | 180409b bul|||||r ||||||| ||bul|| | ||
| 010 | _aKNG00116183000 | ||
| 020 |
_a954-739-418-5 _bиздат.: Захарий Стоянов |
||
| 040 | _aBLK | ||
| 041 |
_aBUL _cBUL |
||
| 080 |
_aБългарска литература _b821.163.2 _x-31 _z821.163.2-31 |
||
| 100 | 1 |
_aРайнов, Николай Иванов _eпърви автор _9364082 |
|
| 700 | 1 |
_aАнчев, Панко Кирилов _d1946 - _gЛитературовед, историк, философ, публицист. _932971 |
|
| 700 | 1 |
_aРайнов, Богомил Николаев _9364081 |
|
| 700 | 1 |
_aГранитски, Иван _qДимитров, Иван Йорданов _d1953- _gЖурналист, литературен критик, теоретик и историк, поет, публицист и издател. _eсъстав. _955767 |
|
| 700 | 1 |
_aГранитски, Иван _qДимитров, Иван Йорданов _d1953- _gЖурналист, литературен критик, теоретик и историк, поет, публицист и издател. _eпод ред. на _955767 |
|
| 700 | 1 |
_aГранитски, Иван _qДимитров, Иван Йорданов _d1953- _gЖурналист, литературен критик, теоретик и историк, поет, публицист и издател. _eпослесл. от _955767 |
|
| 139 |
_aРайнов, Николай Иванов _bР 28 |
||
| 245 | 1 | 0 |
_aМежду пустинята и живота _bРоман _cНиколай Иванов Райнов; състав. Иван Гранитски; под ред. на Иван Гранитски; под ред. на Панко Анчев; послесл. от Богомил Николаев Райнов; послесл. от Иван Гранитски. |
| 250 | _a3. изд. | ||
| 257 | _aBGR | ||
| 260 |
_аСофия _bЗахарий Стоянов _c2003 _fСофия : Образование и наука |
||
| 300 |
_a459 с. _c20 см |
||
| 380 | _aX | ||
| 490 | 1 |
_aПоредица Българска класика _v48 |
|
| 500 | _a1. изд. 1919 на изд. Ст. Атанасов. - Офс. изд. - 2 000 тир. | ||
| 653 | _aромани | ||
| 852 | _aЦб 221666 | ||
| 856 | 4 |
_qpdf _u |
|
| 856 | 4 |
_qpdf _u |
|
| 942 |
_cKNG _n0 _08 |
||
| 944 |
_aCR _c12.11.2004 _lЦветелина Шанова _k30531 |
||
| 944 |
_aED _c10.01.2014 _lф / _k |
||
| 999 |
_c110851 _d110851 |
||